Samuel Butler

Guardat en:
Dades bibliogràfiques
Autor principal: Cole, G. D. H (Autor)
Format: Llibre
Idioma:anglès
Publicat: Nueva York Longmans, Green 1952
Col·lecció:Bibliographical Series of Supplements to British Book News
Matèries:
Etiquetes: Afegir etiqueta
Sense etiquetes, Sigues el primer a etiquetar aquest registre!

MARC

LEADER 00000nam a2200000 a 4500
001 UCZ5884
003 CL-VaPUC
008 951127e19520000US |||||||||||||||||eng|d
082 0 4 |a 821.09  |b COL  |2 21 
100 0 |a Cole, G. D. H  |e author  |9 350056 
245 1 0 |a Samuel Butler 
300 |a 52 p 
942 |c BK 
945 |d 19951127 00:00:00  |a rbrito 
260 |a Nueva York  |b Longmans, Green  |c 1952 
600 0 |a Butler, Samuel  |9 350057 
650 0 |a Poesía inglesa   |9 264944 
650 0 |a Crítica e interpretación   |9 255042 
583 |a last modification  |c 19951127 00:00:00  |k Rodrigo Vera 
490 0 |a Bibliographical Series of Supplements to British Book News 
999 |c 242162  |d 242160 
952 |0 0  |1 0  |4 0  |6 821_090000000000000_COL_1952  |7 0  |8 A  |9 254918  |a BIBEDU  |b BIBEDU  |d 2019-11-19  |i 315520K  |o 821.09 COL 1952  |p 315520K  |r 2019-11-19  |w 2019-11-19  |y BK  |k LIT 
952 |0 0  |1 0  |4 0  |6 821_090000000000000_COL_1952  |7 0  |8 A  |9 254919  |a BIBEDU  |b BIBEDU  |d 2019-11-19  |i 3169774  |o 821.09 COL 1952  |p 3169774  |r 2019-11-19  |w 2019-11-19  |y BK  |k LIT